[Event "GER-ch U12"]
[Site "Willingen"]
[Date "2023.05.29"]
[Round "3"]
[White "Merenda, Lukas Benedikt"]
[Black "Kateryniuk, Ivan"]
[Result "0-1"]
[WhiteElo "1479"]
[BlackElo "1631"]
[PlyCount "116"]
[EventDate "2023.05.27"]
[EventType "swiss"]
[EventRounds "9"]
[EventCountry "GER"]
[SourceTitle "CBM 214 Extra"]
[Source "ChessBase"]
[SourceDate "2023.07.31"]
[SourceVersion "1"]
[SourceVersionDate "2023.07.31"]
[SourceQuality "1"]

1. e4 e5 2. Bc4 Nf6 3. d3 c6 4. Nf3 d5 5. Bb3 Bb4+ 6. Bd2 Bxd2+ 7. Qxd2 a5 8. a4 Nbd7 9. Nc3 d4 10. Ne2 0-0 11. Ng3 g6 12. h4 Qe7 13. h5 Qb4 14. 0-0-0 Qxd2+ 15. Kxd2 Ng4 16. Rh4 Nc5 17. Bc4 Nxa4 18. hxg6 hxg6 19. Rdh1 Kg7 20. Ng5 Nf6 21. f4 exf4 22. e5 Nh5 23. Nxh5+ gxh5 24. Rxh5 Bf5 25. b3 Nb6 26. Bxf7 Rxf7 27. Nxf7 Bg6 28. Rh8 Kxf7 29. Rxa8 Nxa8 30. Rh8 Nb6 31. Rb8 Nd5 32. Rxb7+ Ke6 33. Rg7 Ne7 34. c3 dxc3+ 35. Kxc3 Kd7 36. Kc4 Ke8 37. Rxg6 Nxg6 38. Kd4 Nh4 39. Ke4 Nxg2 40. d4 Ke7 41. Kf3 Ne1+ 42. Kxf4 Nd3+ 43. Ke4 Nc1 44. d5 cxd5+ 45. Kxd5 Nxb3 46. Kc4 a4 47. Kb4 Nc5 48. Ka3 Ke6 49. Kb4 Kxe5 50. Ka3 Kd4 51. Kb4 Kd3 52. Ka3 Kc3 53. Ka2 Kb4 54. Kb2 Nb3 55. Ka2 a3 56. Kb1 Nd4 57. Kc1 Kb3 58. Kb1 a2+ 0-1

[Event "GER-ch U12"]
[Site "Willingen"]
[Date "2023.05.28"]
[Round "2"]
[White "Iachanou, Daniel"]
[Black "Merenda, Lukas Benedikt"]
[Result "0-1"]
[WhiteElo "1532"]
[BlackElo "1479"]
[PlyCount "136"]
[EventDate "2023.05.27"]
[EventType "swiss"]
[EventRounds "9"]
[EventCountry "GER"]
[SourceTitle "CBM 214 Extra"]
[Source "ChessBase"]
[SourceDate "2023.07.31"]
[SourceVersion "1"]
[SourceVersionDate "2023.07.31"]
[SourceQuality "1"]

1. e4 c5 2. Nf3 Nc6 3. Bb5 g6 4. Bxc6 dxc6 5. 0-0 Bg7 6. Re1 e5 7. d3 Ne7 8. Nc3 0-0 9. Be3 b6 10. Qd2 Bg4 11. Qe2 f5 12. h3 fxe4 13. Nxe4 Bxf3 14. gxf3 Qd7 15. Kg2 Nf5 16. Nd2 Nh4+ 17. Kh2 Qf5 18. Rg1 Nxf3+ 19. Nxf3 Qxf3 20. Rae1 e4 21. Qxf3 exf3 22. b3 Rae8 23. Bg5 Re2 24. Rxe2 fxe2 25. Re1 Rxf2+ 26. Kg3 Rf5 27. Bd2 Re5 28. Kf2 Rh5 29. Kg2 Rf5 30. Rxe2 Bd4 31. Be1 Kf7 32. Bh4 g5 33. Bg3 Rf6 34. a4 Re6 35. Rxe6 Kxe6 36. Kf3 Be5 37. Bf2 Kf5 38. h4 g4+ 39. Kg2 h5 40. c4 Bd4 41. Bg3 a6 42. Bc7 b5 43. cxb5 cxb5 44. axb5 axb5 45. Bg3 Be5 46. Bf2 Bd6 47. Be1 Ke5 48. Bf2 Kd5 49. Be3 Be5 50. Bf2 Bd4 51. Be1 b4 52. Bd2 Bc3 53. Be3 Be1 54. Bg5 Kd4 55. Kf1 Bg3 56. Kg2 Bd6 57. Bf6+ Kxd3 58. Bg5 Kc2 59. Bf6 Kxb3 60. Bg5 c4 61. Bf6 c3 62. Bxc3 bxc3 63. Kf2 c2 64. Kg2 c1Q 65. Kf2 Qd2+ 66. Kf1 Bg3 67. Kg1 Qf2+ 68. Kh1 Qh2# 0-1

[Event "GER-chT U12"]
[Site "Muenchen"]
[Date "2022.12.30"]
[Round "7"]
[White "Merenda, Lukas Benedikt"]
[Black "Haertel, Leon"]
[Result "0-1"]
[WhiteElo "1502"]
[BlackElo "1265"]
[PlyCount "90"]
[EventDate "2022.12.26"]
[EventType "team-swiss"]
[EventRounds "7"]
[EventCountry "GER"]
[SourceTitle "CBM 212 Extra"]
[Source "ChessBase"]
[SourceDate "2023.03.31"]
[SourceVersion "1"]
[SourceVersionDate "2023.03.31"]
[SourceQuality "1"]
[WhiteTeam "Muenchen SF"]
[BlackTeam "Hamburger SK"]
[WhiteTeamCountry "GER"]
[BlackTeamCountry "GER"]

1. e4 c5 2. Nc3 d6 3. d4 cxd4 4. Qxd4 Nc6 5. Qd2 g6 6. b3 Bh6 7. f4 Nf6 8. Bb2 e5 9. Nb5 Nxe4 10. Qd5 Bf5 11. Bd3 Nb4 12. Qxb7 Rb8 13. Qc7 0-0 14. Qxd8 Rfxd8 15. g4 Nxd3+ 16. cxd3 Bxg4 17. dxe4 Rxb5 18. h3 Bc8 19. Ne2 exf4 20. Nd4 Rh5 21. Nc6 Re8 22. Rc1 Bb7 23. Kf2 Rc5 24. Nd4 Rxe4 25. b4 Rxc1 26. Rxc1 Re8 27. Rc7 Bd5 28. Rxa7 Bg7 29. Rd7 Bf6 30. Nf5 Be6 31. Nh6+ Kf8 32. Rxd6 Bxb2 33. a4 Kg7 34. Ng4 h5 35. Nh2 Rb8 36. b5 Bb3 37. Ra6 Bd4+ 38. Kf3 g5 39. Rd6 Bc5 40. Rd3 Bc4 41. Rd2 Re8 42. h4 Re3+ 43. Kg2 g4 44. Rc2 Bd5+ 45. Kf1 g3 0-1

[Event "GER-chT U12"]
[Site "Naumburg Saale"]
[Date "2022.03.25"]
[Round "1.1"]
[White "Koberstein, Simon"]
[Black "Merenda, Lukas Benedikt"]
[Result "1-0"]
[WhiteElo "1462"]
[BlackElo "1479"]
[PlyCount "79"]
[EventDate "2022.03.25"]
[EventType "team-swiss"]
[EventRounds "6"]
[EventCountry "GER"]
[SourceTitle "EXT 2023"]
[Source "ChessBase"]
[SourceDate "2022.10.05"]
[SourceVersion "1"]
[SourceVersionDate "2022.10.05"]
[SourceQuality "1"]
[WhiteTeam "Postbauer Heng"]
[BlackTeam "Muenchen SF"]
[WhiteTeamCountry "GER"]
[BlackTeamCountry "GER"]

1. e4 e5 2. Nf3 Nc6 3. Bc4 Bc5 4. d3 Nf6 5. c3 0-0 6. 0-0 a6 7. Nbd2 d6 8. h3 h6 9. Re1 Re8 10. Nf1 Na5 11. Bb3 c6 12. Bc2 Qb6 13. Qd2 d5 14. b4 Bd6 15. bxa5 Qxa5 16. a3 dxe4 17. dxe4 Rd8 18. c4 Qc7 19. Qc3 Bc5 20. Be3 Bxe3 21. Nxe3 Re8 22. c5 Be6 23. Rad1 Nh5 24. Rd6 f6 25. Bb3 Qf7 26. Bxe6 Rxe6 27. Nf5 Rxd6 28. Nxd6 Qe7 29. Nh4 g6 30. Nxg6 Qg7 31. Nh4 Nf4 32. Ndf5 Qg5 33. Kh2 Rd8 34. Re3 Nh5 35. Rd3 Rf8 36. Rd7 Qf4+ 37. Kg1 Qxe4 38. Qb3+ Qd5 39. Nxh6+ Kh8 40. Ng6# 1-0

[Event "GER-chT U10"]
[Site "Magdeburg"]
[Date "2021.08.07"]
[Round "3.1"]
[White "Braun, Julian1111"]
[Black "Merenda, Lukas Benedikt"]
[Result "1-0"]
[WhiteElo "1436"]
[BlackElo "1222"]
[PlyCount "161"]
[EventDate "2021.08.06"]
[EventType "team-swiss"]
[EventRounds "7"]
[EventCountry "GER"]
[SourceTitle "EXT 2022"]
[Source "ChessBase"]
[SourceDate "2021.10.06"]
[SourceVersion "1"]
[SourceVersionDate "2021.10.06"]
[SourceQuality "1"]
[WhiteTeam "Hamburger SK"]
[BlackTeam "Muenchen SF"]
[WhiteTeamCountry "GER"]
[BlackTeamCountry "GER"]

1. e4 e5 2. Nf3 Nc6 3. Bc4 Nf6 4. d4 exd4 5. e5 d5 6. Bb5 Ne4 7. Nxd4 Bc5 8. Be3 0-0 9. Nxc6 bxc6 10. Bxc5 Nxc5 11. Bxc6 Bb7 12. Bxb7 Nxb7 13. 0-0 c6 14. Nd2 Qc7 15. Nf3 Rad8 16. Re1 Rfe8 17. c3 Nc5 18. Qc2 h6 19. Rad1 Ne6 20. Nd4 Nc5 21. f4 Ne4 22. h3 f6 23. e6 c5 24. e7 Rxe7 25. Nf5 Ree8 26. Ne3 Qf7 27. Qb3 d4 28. Qxf7+ Kxf7 29. cxd4 cxd4 30. Nc4 d3 31. Nd2 Ng3 32. Rxe8 Rxe8 33. Nf1 Ne2+ 34. Kf2 Nxf4 35. Ng3 h5 36. h4 g5 37. hxg5 fxg5 38. Nf5 Re2+ 39. Kf3 Rxb2 40. g3 Ng6 41. Nd6+ Ke6 42. Nc4 Rxa2 43. Rxd3 Rc2 44. Rd6+ Kf7 45. Ne3 g4+ 46. Ke4 Ra2 47. Rd4 a5 48. Nf5 Re2+ 49. Ne3 Ra2 50. Nf5 Nf8 51. Nh6+ Kg7 52. Nf5+ Kh7 53. Rd8 Ra4+ 54. Ke3 Ra3+ 55. Ke4 Ne6 56. Rd7+ Kg8 57. Re7 Ng5+ 58. Kd5 Rd3+ 59. Kc4 Rf3 60. Rg7+ Kf8 61. Rxg5 Kf7 62. Nd6+ Ke7 63. Ne4 a4 64. Rxh5 a3 65. Ra5 Ke6 66. Ng5+ Kf6 67. Nxf3 gxf3 68. Rxa3 f2 69. Rf3+ Ke6 70. Rxf2 Ke5 71. g4 Ke6 72. g5 Ke5 73. g6 Ke4 74. g7 Ke3 75. Rf8 Ke4 76. g8Q Ke5 77. Re8+ Kd6 78. Qe6+ Kc7 79. Rc8+ Kb7 80. Qc6+ Ka7 81. Ra8# 1-0